Coming to life; (Record no. 802)
[ view plain ]
| 000 -LEADER | |
|---|---|
| fixed length control field | 00816cam a2200229 4500 |
| 001 - CONTROL NUMBER | |
| control field | 1231792 |
| 003 - CONTROL NUMBER IDENTIFIER | |
| control field | GBCCL |
| 005 - DATE AND TIME OF LATEST TRANSACTION | |
| control field | 20241126110346.0 |
| 008 - FIXED-LENGTH DATA ELEMENTS--GENERAL INFORMATION | |
| fixed length control field | 680301s1968 nyu b 000 0 eng |
| 010 ## - | |
| -- | 68023404 |
| 040 ## - CATALOGING SOURCE | |
| Original cataloging agency | DLC |
| Transcribing agency | DLC |
| Modifying agency | DLC |
| 050 00 - | |
| -- | BS2615.3 |
| -- | .S2 |
| 082 00 - DEWEY DECIMAL CLASSIFICATION NUMBER | |
| Classification number | 226.507 |
| Item number | SAU |
| 100 1# - MAIN ENTRY--PERSONAL NAME | |
| Personal name | Saunders, Ernest W. |
| 9 (RLIN) | 1168 |
| 245 10 - TITLE STATEMENT | |
| Title | Coming to life; |
| Remainder of title | a study of the Gospel of John |
| Statement of responsibility, etc. | [by] Ernest W. Saunders. |
| 260 ## - PUBLICATION, DISTRIBUTION, ETC. | |
| Place of publication, distribution, etc. | [New York, |
| Name of publisher, distributor, etc. | Joint Commission on Education and Cultivation, Board of Missions, United Methodist Church, |
| Date of publication, distribution, etc. | 1968] |
| 300 ## - PHYSICAL DESCRIPTION | |
| Extent | x, 190 p. |
| Dimensions | 19 cm. |
| 504 ## - BIBLIOGRAPHY, ETC. NOTE | |
| Bibliography, etc. note | Bibliographical references included in "Notes" (p. 166-176) Bibliography: p. 184-186. |
| 630 00 - SUBJECT ADDED ENTRY--UNIFORM TITLE | |
| Uniform title | Bible. |
| Name of part/section of a work | John |
| General subdivision | Commentaries. |
| 9 (RLIN) | 1169 |
| 906 ## - LOCAL DATA ELEMENT F, LDF (RLIN) | |
| a | 7 |
| b | cbc |
| c | orignew |
| d | u |
| e | ncip |
| f | 19 |
| g | y-gencatlg |
| 942 ## - ADDED ENTRY ELEMENTS (KOHA) | |
| Source of classification or shelving scheme | Dewey Decimal Classification |
| Koha item type | Books |
| Koha issues (borrowed), all copies | 1 |
| Withdrawn status | Lost status | Source of classification or shelving scheme | Damaged status | Not for loan | Home library | Current Library | Shelving location | Date acquired | Total checkouts | Full call number | Barcode | Date last seen | Date last checked out | Copy number | Price effective from | Koha item type |
|---|---|---|---|---|---|---|---|---|---|---|---|---|---|---|---|---|
| Dewey Decimal Classification | GRACE BIBLE COLLEGE | GRACE BIBLE COLLEGE | Biblical Studies | 2017-03-16 | 1 | 226.507 SAU | 012930 | 2025-05-01 | 2018-04-19 | c.1 | 2017-03-16 | Books |